| 000 | 02490cam a22004454i 4500 | ||
|---|---|---|---|
| 003 | PE-LiUPU | ||
| 005 | 20250731165429.0 | ||
| 008 | 160212s2011 pe grm 000 0 spa d | ||
| 035 | _a(Sirsi) a156112 | ||
| 040 |
_aPE-LiUPU _bspa _cPE-LiUPU _erda |
||
| 099 |
_aTE 2 _bC77 1993 |
||
| 100 | 1 |
_aCorrales Ruiz, Carlos Daniel _eautor |
|
| 245 | 1 |
_aEvaluación de la capacidad docente de los Alumnos del 4to. Año de Educación de la Universidad Unión Incaica en sus Practicas Pre-profesionales intensivas - 1991 / _cCarlos Daniel Corrales Euiz. |
|
| 264 | 0 | _c1993. | |
| 300 |
_a113 hojas _c30 cm |
||
| 336 |
_atext _2rdacontent |
||
| 337 |
_aunmediated _2rdamedia |
||
| 338 |
_avolume _2rdacarrier |
||
| 502 |
_aTesis _b(Lic.) -- _cUniversidad Peruana Unión, _d2011 |
||
| 504 | _aIncluye referencias | ||
| 520 | 3 | _aDespués de haber realizado el presente trabajo de investigación, podemos resumir que los objetivos planteados se han logrado casi en su plenitud, por cuanto se ha podido evaluar la capacidad docente de los alumnos de la Facultad de Ciencias de la Educación de la universidad Unión Incaica. Esto se puede apreciar en los cuadros de los resultados obtenidos en las encuestas realizadas tanto a los jefes de práctica, alumnos practicantes y a los alumnos de los centros educativos. Podemos decir que los resultados dan un buen desempeño de los alumnos practicantes en el desarrollo de la práctica Pre-profesional Intensiva. Se ha cumplido con el primer objetivo específico al haber conocido los logros, deficiencias y limitaciones de los alumnos practicantes. En cuanto al segundo objetivo. Hemos resumido los planteamientos que indican la importancia de las prácticas pre-profesionales en la formación del futuro docente. Finalmente proponemos algunas sugerencias para un mejor desempeño de los alumnos de la facultad de ciencias de la educación en las prácticas pre-profesionales. | |
| 526 | _aSEG44 | ||
| 526 | _aSEG26 | ||
| 526 | _aP151 | ||
| 526 | _aP150 | ||
| 526 | _aP149 | ||
| 526 | _aP146 | ||
| 526 | _aP145 | ||
| 526 | _aP126 | ||
| 526 | _aP125 | ||
| 526 | _aP92 | ||
| 526 | _aP75 | ||
| 526 | _aP74 | ||
| 526 | _aP27 | ||
| 526 | _aP15 | ||
| 650 | 0 | 4 |
_aMediciones y pruebas educativas _xEstudiante universitario. |
| 596 | _a1 | ||
| 942 |
_2ddc _cTESIS |
||
| 999 |
_aTE 2 C77 1993 _wALPHANUM _c8795 _iT00125 _lCCODEBUL3 _mBUL _r1 _sY _tTESIS _u2016-2-12 _xEDUCACION _zUNKNOWN _o.STAFF. Tesis _d8795 |
||
| 980 |
_81 _gALBERTO SANCHEZ Responsable de Automatización |
||